Sports of the Official World Beach Games - Statistics

General Stats
  • This quiz has been taken 74 times
  • The average score is 11 of 17
Answer Stats
Answer % Correct
Beach Team Beach Soccer
98%
Beach Team Beach Volleyball
98%
Water Ind. Longboard Surfing
96%
Water Ind. Shortboard Surfing
96%
Water Ind. Open Water Swimming
93%
Water Ind. Waterskiing
87%
Beach Team Beach Handball
82%
Beach Ind. Beach Tennis
76%
Water Ind. Wakeboarding
76%
Action Team 3x3 Basketball
69%
Water Ind. Kiteboarding
62%
Action Ind. BMX/Cycling
49%
Action Ind. Skateboarding
44%
Action Ind. Aquathlon
42%
Beach Ind. Beach Wrestling
36%
Action Ind. Bouldering
22%
Beach Ind. Karate
2%
No matching quizzes found
Score Distribution
Percent of People with Each Score
Percentile by Number Answered
Your Score History
You have not taken this quiz